| 000 | 00472nam a2200169Ia 4500 | ||
|---|---|---|---|
| 999 |
_c443 _d443 |
||
| 003 | OSt | ||
| 005 | 20201223102449.0 | ||
| 008 | 190216s9999||||xx |||||||||||||| ||und|| | ||
| 040 | _coclc | ||
| 082 |
_a297.122 _bGHA/S |
||
| 100 |
_aGhai, O P _97401 |
||
| 245 | 0 |
_aSelections From The Quran / _cO P Ghai |
|
| 260 |
_bSterling Publications, _c1991. _aNew Delhi: |
||
| 300 | _a96p | ||
| 650 | _aArabic | ||
| 942 |
_cREF _2ddc _h297.122 _iGHA/S _k297.122 _mGHA/S |
||